000 00467nam a2200181 a 4500
001 1770285652181
003 YourLibrary
005 20260205153741.0
008 260205s2008##################000#0#eng##
020 _a9780070139220
082 0 4 _a333.642
_bFIS
100 1 _aFisher,
_eauthor.
245 1 0 _aSuper Stocks :
260 _bTata McGraw-Hill Education,
_c2008.
650 0 _aEntrepreneurship.
942 _cENGLISH
040 _aYourLibrary
_beng
_cYourLibrary
999 _c610411
_d610411